| 000 | 01965nam a2200229Ia 4500 | ||
|---|---|---|---|
| 003 | Ost | ||
| 005 | 20260507075654.0 | ||
| 008 | 260507s9999||||xx |||||||||||||| ||und|| | ||
| 040 | _cfsecg | ||
| 041 | _aara | ||
| 082 | _a330.1 | ||
| 100 |
_aمحمد الهاشم، اسماعيل _eمؤلف |
||
| 245 | 0 |
_aالمدخل إلى أسس علم الإقتصاد / _c اسماعيل محمد الهاشم |
|
| 260 |
_aالاسكندرية: _bالمكتب العربي الحديث, _c2005 |
||
| 300 |
_a599 صفحة؛ _bإيضاحات ؛ _c24 سم |
||
| 504 | _aالمراجع ص.586 | ||
| 520 | _aعلم الاقتصاد وموضوع الدراسات الاقتصادية: علم الاقتصاد، المشكلة الاقتصادية، طبيعة ووظائف النظام الاقتصادي، السوق، القيمة: نظرية القيمة، تحليل المنفعة، منحنيات السواء، الطلب، العرض، الطلب والعرض وتحليل ثمن السلعة، الانتاج: الانتاج، العلاقة بين المستخدم والمنتج، منحنيات الايراد، التكاليف، توازن المؤسسة في ظل المنافسة الكاملة، أسواق المنافسة غير الكاملة، المنافسة الاحتكارية، الاحتكار، التمييز الاحتكاري، منافسة القلة، تدخل الحكومة في تحديد الأثمان، التوزيع: نظرية التوزيع، نظرية الانتاجية الحدية، الأجور، الريع، الفائدة، الربح، الأثمان في الاقتصاد الاشتراكي، الدخل القومي والتنمية والتخطيط والسكان: الدخل القومي، التنمية والتخطيط الاقتصادي، السكان. | ||
| 653 | _aالتخطيط الاقتصادي | ||
| 653 | _aالتنمية الاقتصادية | ||
| 653 | _aعلم الإقتصاد | ||
| 942 | _cكتاب | ||
| 999 |
_c45665 _d45665 |
||